=LDR 00000nam 2200000 4500 =001 NUTBA000000000005036 =005 20221122081028 =035 ##$$a 0010-101400000000266 =008 221122################g##########0#ind## =041 ##$$a Ind =082 ##$$a 028.5 =090 ##$$a 028.5, Sol b =100 ##$$a Sari Pusparini Soleh =245 1#$$a Bung karno mencari tuhan /$c Sari Pusparini Soleh =260 ##$$a Bandung :$b Remaja Rosda Karya,$c 2006 =300 ##$$a 65 hlm. : $b ilus. ; $c 28 cm. =650 #4$$a Fiksi Sejarah =850 ##$$a NBPNMAT =020 ##$$a 979-692-520-6 =084 ##$$a 028.5 SAR b =250 ##$$a Cet.2 =500 ##$$a Glosarium: hal. 50; Indeks: hal. 51; Bibliografi: Hal. 52 =990 ##$$a 21413447 =990 ##$$a 21413448 =990 ##$$a 21413449 =990 ##$$a 21413450 =990 ##$$a 21413451 =990 ##$$a 20702409 =990 ##$$a 20702409 =990 ##$$a 21413447 =990 ##$$a 21413448 =990 ##$$a 21413449 =990 ##$$a 21413450 =990 ##$$a 21413451 =990 ##$$a 21413451 =990 ##$$a 21413447 =990 ##$$a 21413448 =990 ##$$a 21413449 =990 ##$$a 21413450 =990 ##$$a 20702409 =990 ##$$a 21413450 =990 ##$$a 21413447 =990 ##$$a 21413448 =990 ##$$a 21413449 =990 ##$$a 21413451 =990 ##$$a 20702409 =990 ##$$a 21413449 =990 ##$$a 21413447 =990 ##$$a 21413448 =990 ##$$a 21413450 =990 ##$$a 21413451 =990 ##$$a 20702409 =990 ##$$a 21413448 =990 ##$$a 21413447 =990 ##$$a 21413449 =990 ##$$a 21413450 =990 ##$$a 21413451 =990 ##$$a 20702409 =990 ##$$a 21413447 =990 ##$$a 21413448 =990 ##$$a 21413449 =990 ##$$a 21413450 =990 ##$$a 21413451 =990 ##$$a 20702409